|
|
|
|
| LEADER |
01825nam a2200529 a 4500 |
| 001 |
nkc20132435251 |
| 003 |
CZ PrNK |
| 005 |
20130318140948.0 |
| 007 |
ta |
| 008 |
130107s2012 xr ac e f 000 0 cze |
| 015 |
|
|
|a cnb002435251
|
| 020 |
|
|
|a 978-80-7243-616-3
|q (váz.)
|
| 035 |
|
|
|a (OCoLC)827263510
|
| 040 |
|
|
|a ABA001
|b cze
|
| 043 |
|
|
|a e-xr---
|
| 045 |
|
|
|a y0y1
|
| 072 |
|
7 |
|a 791
|x Film. Cirkus. Lidová zábava
|2 Konspekt
|9 3
|
| 080 |
|
|
|a 791.242.097
|2 MRF
|
| 080 |
|
|
|a 791-5
|2 MRF
|
| 080 |
|
|
|a (437.3)
|2 MRF
|
| 080 |
|
|
|a (036)
|2 MRF
|
| 080 |
|
|
|a (084.11)
|2 MRF
|
| 100 |
1 |
|
|a Šloufová, Alena,
|d 1948-
|7 jn20010309128
|4 aut
|
| 245 |
1 |
0 |
|a Ulice :
|b průvodce seriálem /
|c Alena Šloufová
|
| 246 |
3 |
|
|a Ulice - průvodce seriálem
|
| 246 |
3 |
|
|a Průvodce seriálem Ulice
|
| 250 |
|
|
|a Vyd. 1.
|
| 260 |
|
|
|a Praha :
|b Brána,
|c 2012
|
| 300 |
|
|
|a 268 s. :
|b barev. il., portréty ;
|c 25 cm
|
| 500 |
|
|
|a Vyd. ve spolupráci s CET 21
|
| 630 |
0 |
7 |
|a Ulice (televizní seriál)
|7 unn2013743497
|2 czenas
|
| 648 |
|
7 |
|a 21. století
|7 ch460559
|2 czenas
|
| 650 |
0 |
7 |
|a televizní seriály
|7 ph126520
|z Česko
|y 21. století
|2 czenas
|
| 650 |
0 |
7 |
|a filmové postavy
|7 ph203862
|2 czenas
|
| 650 |
0 |
9 |
|a television serials
|z Czechia
|y 21st century
|2 eczenas
|
| 650 |
0 |
9 |
|a film characters
|2 eczenas
|
| 655 |
|
7 |
|a průvodce
|7 fd133154
|2 czenas
|
| 655 |
|
7 |
|a obrazové publikace
|7 fd132947
|2 czenas
|
| 655 |
|
9 |
|a guidebooks
|2 eczenas
|
| 655 |
|
9 |
|a pictorial works
|2 eczenas
|
| 856 |
4 |
1 |
|u http://www.digitalniknihovna.cz/mzk/uuid/uuid:bf63dba0-3475-11e7-ad2f-005056827e51
|y Digitalizovaný dokument
|x NDK
|
| 910 |
2 |
|
|a BOA001
|b 2-1302.110
|
| 928 |
9 |
|
|a CET 21
|
| 990 |
|
|
|a BK
|
| 995 |
|
|
|a 01
|
| 991 |
|
|
|b 201303
|e n
|
| 996 |
6 |
|
|b 2610541924
|c 2-1302.110
|l MZK
|r Sklad / do 1 hodiny
|n 0
|p p.v.
|w 001317326
|u 000010
|a 1
|e BOA001
|j MZK50
|s P
|